| 000 | 01270nam a22002297a 4500 | ||
|---|---|---|---|
| 005 | 20220124092243.0 | ||
| 008 | 220120b ||||| |||| 00| 0 eng d | ||
| 020 | _a8187062233 | ||
| 040 | _cAL | ||
| 041 | _aeng | ||
| 082 |
_223 _a294.538 _bVAIS |
||
| 100 |
_aVesvati Vaidik Ed. _914412 |
||
| 245 | _aShreemad Bhagwad Geeta | ||
| 260 |
_aNew Delhi _bRicha Prakashana _c2003 |
||
| 300 |
_aviii,353 p. _bPB _c22x14 cm. |
||
| 520 | _aAbout the Book: Srimad Bhagavad Gita Srimad Bhagavad-Gita is one of the finest jewels of the spirituals treasury of mankind.It illuminates the path of the seekers irrespective of their caste, creed, color and country. It is one of those celestial texts that has a universal and global appeal.The main objective of this work is to present an authentic translation of the Bhagavad-Gita in a lucid style. Each Sanskrit sloka is followed by its Roman transliteration alongwith Hindi & English translations. One full page is devoted to each sloka.Printed in two colors on custom made paper, Srimad Bhagavad-Gita is worth keeping in every home. | ||
| 650 |
_aBhagwad Geeta _913934 |
||
| 650 |
_aSanskrit Poem with English Meaning _913935 |
||
| 650 |
_aHindu Holy Book _913936 |
||
| 700 |
_aVAIDIK (Vedwati) Ed. _913937 |
||
| 942 |
_2ddc _cGF |
||
| 999 |
_c221264 _d221264 |
||